000 00479nam a22001697a 4500
020 _a9789390790432
082 _aM 809.892 069 4
_bJOB/D
245 _aDalit padanam:
_bsahithyam, Kala, samaskaram/
_cby Jobin Chamakkala (ed.)
260 _aKozhikode:
_bPavanatma Publishers,
_c2012.
300 _a116p.
650 _aLiterature Dalit
650 _aLiterature Culture
650 _aLiterature Arts
650 _aLiterature
700 _aJobin Chamakkala (ed.)
942 _cBK
999 _c181945
_d181945